000 00309nam a2200133Ia 4500
008 150201s2010 xx 000 0 und d
082 _a616.01
_bS10W
100 _aWHO
245 _aSAFETY IN HEALTH CARE LABORATORY
250 _a1ST
260 _bAITBS
_aDELHI
_c2010
650 _aPATHOLOGY
942 _2ddc
_cBK
999 _c1159
_d1159